Pato está sucio.

Furkejuvvon:
Bibliográfalaš dieđut
Váldodahkki: Kitamura, Satoshi (autor)
Eará dahkkit: Goldin, Daniel (Doaimmaheaddji), Smith, Odette (traductora)
Materiálatiipa: Girji
Almmustuhtton: Ciudad de México, México: Fondo de Cultura Económica, 1998.
Preanttus:Primera edición en español.
Ráidu:Colección Los Especiales de A la Orilla del Viento.
Fáttát:
Fáddágilkorat: Lasit fáddágilkoriid
Eai fáddágilkorat, Lasit vuosttaš fáddágilkora!

MARC

LEADER 00000nam a2200000 4500
003 CL-VaPUC
005 20250318150137.0
008 230925t1998 ||||| |||| 00| 0 eng d
999 |c 441633  |d 441631 
020 |a 9789681655389 
040 |c Pontificia Universidad Católica de Valparaíso 
082 7 |a 808.068 KITp 1998  |2 22 
100 |a Kitamura, Satoshi  |9 878035  |e autor 
245 |a Pato está sucio. 
246 |a Duck is dirty.  
250 |a Primera edición en español. 
260 |a Ciudad de México, México:   |b Fondo de Cultura Económica,   |c 1998. 
300 |a [14] páginas :  |b  ilustraciones.  
490 |a Colección Los Especiales de A la Orilla del Viento. 
583 |k GC  |c 20230925 
650 0 |a Literatura infantil   |9 307465  |x Cuentos 
700 |a Goldin, Daniel   |9 884734  |e editor 
700 |a Smith, Odette  |9 884735  |e traductora 
942 |2 ddc  |c BK 
952 |0 0  |1 0  |2 ddc  |4 0  |6 808_068000000000000_KITP_1998  |7 0  |8 A  |9 591677  |a BIBEDU  |b BIBEDU  |c GEN  |d 2023-09-25  |e 3  |g 8439.00  |i 5658780  |o 808.068 KITp 1998  |p 5658780  |r 2023-09-25  |t 1  |v 8439.00  |w 2023-09-25  |y BK  |k PAR